[Event "Olomouc 2010 - IM1 Winsoft Company Cup"]
[Site "Olomouc (CZE), Hotel Sigma"]
[Date "2010.08.06"]
[Round "3"]
[White "Sluka, Radek"]
[Black "Mikhailov, Viacheslav"]
[Result "1-0"]
[WhiteElo "2282"]
[BlackElo "2139"]
[PlyCount "43"]
[EventDate "2010.08.04"]

1. Nc3 g6 2. e4 Bg7 3. d4 d6 4. Be3 Nf6 5. f3 O-O 6. Qd2 c6 7. Bh6 Re8 8. Bxg7
Kxg7 9. O-O-O Qa5 10. g4 c5 11. d5 Nbd7 12. h4 h5 13. g5 Nh7 14. f4 Nb6 15. Nh3
Bg4 16. Re1 e6 17. Nf2 exd5 18. Nxg4 hxg4 19. h5 d4 20. hxg6 fxg6 21. Qh2 Nf8
22. Qh8+ 1-0

[Event "Olomouc 2010 - IM1 Winsoft Company Cup"]
[Site "Olomouc (CZE), Hotel Sigma"]
[Date "2010.08.06"]
[Round "3"]
[White "Stachowiak, Kamil"]
[Black "Kireev, Aleksei"]
[Result "1-0"]
[WhiteElo "2404"]
[BlackElo "2355"]
[PlyCount "145"]
[EventDate "2010.08.04"]

1. d4 d5 2. Nf3 Nf6 3. c4 c6 4. Nc3 a6 5. e3 Bf5 6. Bd3 Bxd3 7. Qxd3 e6 8. O-O
Be7 9. e4 O-O 10. Rd1 dxe4 11. Nxe4 Nxe4 12. Qxe4 Nd7 13. Bd2 Re8 14. Bc3 Qc7
15. Rac1 Bf6 16. b4 Rad8 17. g3 Nb6 18. Ba1 Nc8 19. Qe2 Ne7 20. a4 h6 21. Bc3
Nf5 22. Qe1 Re7 23. b5 axb5 24. cxb5 Ra8 25. a5 Rd7 26. bxc6 Qxc6 27. Qe2 Rad8
28. Rc2 Qa4 29. Rb2 e5 30. Rb4 Qc6 31. Rc4 Qa6 32. Qa2 b5 33. Rc5 exd4 34. Ba1
Ne7 35. Rb1 Rb8 36. Nd2 Ng6 37. Nb3 Ne5 38. Qe2 d3 39. Qe4 Nc4 40. Rc6 Nd6 41.
Qf3 Qa7 42. Bxf6 gxf6 43. Qxf6 Ne4 44. Qf4 d2 45. Rd1 Re8 46. Rxh6 Kg7 47. Rh4
Rd6 48. Nxd2 Rf6 49. Qg4+ Rg6 50. Qf3 Rf6 51. Rf4 Ng5 52. Qg4 Rg6 53. Qf5 Ree6
54. Kg2 Qc7 55. Nf3 Nh7 56. Rdd4 Nf8 57. Qxb5 Qc8 58. Qb2 Kg8 59. Rh4 Nh7 60.
Qd2 Re8 61. Rhe4 Rf8 62. Rc4 Qa8 63. Rg4 Nf6 64. Rxg6+ fxg6 65. Qh6 Nh7 66.
Qxg6+ Kh8 67. Qe4 Qxa5 68. Qe5+ Qxe5 69. Nxe5 Ra8 70. h4 Nf6 71. Rc6 Ne4 72.
Kf3 Ra4 73. Ke3 1-0

[Event "Olomouc 2010 - IM1 Winsoft Company Cup"]
[Site "Olomouc (CZE), Hotel Sigma"]
[Date "2010.08.07"]
[Round "4"]
[White "Antipov, Mikhail Al"]
[Black "Aranaz Murillo, Amalia"]
[Result "1/2-1/2"]
[WhiteElo "2238"]
[BlackElo "2190"]
[PlyCount "107"]
[EventDate "2010.08.04"]

1. e4 c6 2. d4 d5 3. e5 Bf5 4. Nd2 e6 5. Nb3 Nd7 6. Nf3 Ne7 7. Be2 Nc8 8. Be3
Be7 9. a4 O-O 10. a5 a6 11. O-O Na7 12. Nfd2 Bg6 13. f4 Rc8 14. c3 c5 15. dxc5
Nxc5 16. Nd4 Nc6 17. Nxc6 Rxc6 18. Nf3 Rc8 19. Nd4 Be4 20. b4 Nd7 21. Rc1 Re8
22. Bf3 Bxf3 23. Qxf3 Rc4 24. Qg3 Bh4 25. Qh3 g6 26. Nf3 Be7 27. Bd4 Nf8 28.
Rce1 Qd7 29. g4 Rec8 30. Re3 R8c7 31. Kh1 Qc8 32. Rg1 Rxc3 33. Rxc3 Rxc3 34.
Bxc3 Qxc3 35. f5 Bxb4 36. f6 Qe3 37. Rf1 h6 38. g5 h5 39. Qg3 Bxa5 40. Qf2 Qxf2
41. Rxf2 Bc3 42. Rc2 d4 43. Rc1 b5 44. Rd1 b4 45. Nxd4 a5 46. Kg2 Bxd4 47. Rxd4
b3 48. Rd8 a4 49. Rb8 Kh7 50. Rxf8 b2 51. Rxf7+ Kg8 52. Rb7 a3 53. Rb8+ Kf7 54.
Rb7+ 1/2-1/2

[Event "Olomouc 2010 - IM1 Winsoft Company Cup"]
[Site "Olomouc (CZE), Hotel Sigma"]
[Date "2010.08.07"]
[Round "4"]
[White "Kolosowski, Mateusz"]
[Black "Sluka, Radek"]
[Result "1-0"]
[WhiteElo "2308"]
[BlackElo "2282"]
[PlyCount "61"]
[EventDate "2010.08.04"]

1. d4 Nf6 2. c4 c5 3. d5 b5 4. cxb5 a6 5. bxa6 d6 6. Nc3 Bxa6 7. Nf3 g6 8. g3
Bg7 9. Bg2 O-O 10. O-O Nbd7 11. Re1 Qb6 12. Rb1 Ng4 13. Qc2 Rfb8 14. h3 Nge5
15. Nd2 Qa5 16. Nb3 Qb4 17. Bg5 Kf8 18. Qd2 Nc4 19. Qf4 Nxb2 20. Ne4 c4 21. Na1
c3 22. Qh4 Kg8 23. Bxe7 Bf8 24. Nc2 Qa5 25. Bxf8 Nxf8 26. Nd4 Bb5 27. Nxd6 Ba4
28. Qf6 Ra7 29. N4f5 gxf5 30. Nxf5 Ne6 31. dxe6 1-0

[Event "Olomouc 2010 - IM1 Winsoft Company Cup"]
[Site "Olomouc (CZE), Hotel Sigma"]
[Date "2010.08.08"]
[Round "5"]
[White "Aharon, Ofir"]
[Black "Antipov, Mikhail Al"]
[Result "1/2-1/2"]
[WhiteElo "2199"]
[BlackElo "2238"]
[PlyCount "116"]
[EventDate "2010.08.04"]

1. e4 c5 2. Nf3 d6 3. d4 cxd4 4. Nxd4 Nf6 5. Nc3 a6 6. h3 e5 7. Nde2 h5 8. Bg5
Be7 9. Bxf6 Bxf6 10. Nd5 Nc6 11. a4 Be6 12. Nec3 Bg5 13. Bd3 g6 14. O-O O-O 15.
b4 Bh6 16. a5 Rc8 17. Nb6 Nxb4 18. Nxc8 Qxc8 19. Na4 Nxd3 20. cxd3 Qd8 21. Nb6
Kg7 22. Rb1 Qg5 23. Qf3 Rd8 24. Rb2 Qe7 25. Rfb1 Qc7 26. Qd1 Bf4 27. Rc2 Qe7
28. g3 Bh6 29. h4 d5 30. exd5 Bxd5 31. Nxd5 Rxd5 32. Qf3 Qd7 33. Rc7 Rxd3 34.
Rxd7 Rxf3 35. Rbxb7 e4 36. Kg2 Rf5 37. Ra7 Rf6 38. Re7 Bd2 39. Re5 Bc3 40. Rd5
Be1 41. Re7 Rxf2+ 42. Kh3 Rf3 43. Rxe4 Bxg3 44. Kg2 Ra3 45. Rd7 Kf6 46. Ra7 Kf5
47. Rc4 f6 48. Rxa6 g5 49. hxg5 fxg5 50. Ra8 Bf4 51. Rf8+ Kg4 52. Rcxf4+ gxf4
53. Rg8+ Kf5 54. Rf8+ Ke4 55. Re8+ Kd4 56. Rd8+ Ke3 57. Re8+ Kd2 58. Re4 Rxa5
1/2-1/2

[Event "Olomouc 2010 - IM1 Winsoft Company Cup"]
[Site "Olomouc (CZE), Hotel Sigma"]
[Date "2010.08.08"]
[Round "5"]
[White "Aranaz Murillo, Amalia"]
[Black "Stachowiak, Kamil"]
[Result "0-1"]
[WhiteElo "2190"]
[BlackElo "2404"]
[PlyCount "104"]
[EventDate "2010.08.04"]

1. Nf3 d5 2. d4 c6 3. c4 e6 4. Qc2 Nf6 5. g3 dxc4 6. Qxc4 b5 7. Qc2 Bb7 8. Bg2
Nbd7 9. Ne5 Nxe5 10. dxe5 Nd5 11. O-O Be7 12. Nd2 Qc7 13. Nf3 h6 14. Qe4 c5 15.
Qg4 g6 16. a3 Rd8 17. h4 h5 18. Qe4 Nb4 19. Qb1 Nc6 20. Bf4 Nd4 21. Nxd4 Rxd4
22. Rd1 Rxd1+ 23. Qxd1 Bxg2 24. Kxg2 Qc6+ 25. Kg1 O-O 26. Qc2 c4 27. Rd1 a5 28.
Qd2 b4 29. axb4 Bxb4 30. Qd7 Qxd7 31. Rxd7 Ra8 32. Bd2 Kf8 33. Bxb4+ axb4 34.
Rc7 Ra2 35. Rxc4 Rxb2 36. e3 b3 37. Rb4 Ke8 38. Kg2 Kd7 39. Rb7+ Kc6 40. Rxf7
Rd2 41. Rf8 Rd7 42. Rb8 Rb7 43. Rc8+ Kd5 44. Rc1 b2 45. Rb1 Ke4 46. g4 Kd3 47.
f4 Kc2 48. Rf1 b1=Q 49. Rxb1 Rxb1 50. f5 exf5 51. gxf5 gxf5 52. Kf3 Rb4 0-1

[Event "Olomouc 2010 - IM1 Winsoft Company Cup"]
[Site "Olomouc (CZE), Hotel Sigma"]
[Date "2010.08.08"]
[Round "5"]
[White "Mikhailov, Viacheslav"]
[Black "Kolosowski, Mateusz"]
[Result "0-1"]
[WhiteElo "2139"]
[BlackElo "2308"]
[PlyCount "88"]
[EventDate "2010.08.04"]

1. e4 e5 2. Nf3 Nc6 3. Bc4 Nf6 4. d3 Be7 5. O-O O-O 6. c3 h6 7. Re1 d6 8. Nbd2
Na5 9. Bb5 a6 10. Ba4 b5 11. Bc2 c5 12. Nf1 Qc7 13. Ng3 Re8 14. h3 Bf8 15. Nh2
Nc6 16. Qf3 Qd8 17. Nf5 Bxf5 18. Qxf5 d5 19. Ng4 Nxg4 20. Qxg4 dxe4 21. Qxe4
Qf6 22. Re3 g6 23. Rf3 Qd6 24. Qh4 Qd8 25. Qe4 Qd6 26. Bb3 Re7 27. Qh4 c4 28.
dxc4 bxc4 29. Rf6 Re6 30. Rxe6 Qxe6 31. Bxc4 Qf5 32. Bd5 Rd8 33. Bxc6 Rd1+ 34.
Kh2 e4 35. Be3 Rxa1 36. Bxe4 Qe5+ 37. g3 Rxa2 38. Bd4 Qg5 39. Qxg5 hxg5 40. c4
Bg7 41. Bxg7 Kxg7 42. b4 Rxf2+ 43. Kg1 Rb2 44. Bb7 a5 0-1

[Event "Olomouc 2010 - IM1 Winsoft Company Cup"]
[Site "Olomouc (CZE), Hotel Sigma"]
[Date "2010.08.08"]
[Round "5"]
[White "Sluka, Radek"]
[Black "Dukaczewski, Piotr"]
[Result "1-0"]
[WhiteElo "2282"]
[BlackElo "2319"]
[PlyCount "81"]
[EventDate "2010.08.04"]

1. e4 c5 2. Nf3 Nc6 3. d4 cxd4 4. Nxd4 Nf6 5. Nc3 e5 6. Ndb5 d6 7. Bg5 a6 8.
Na3 b5 9. Nd5 Be7 10. Bxf6 Bxf6 11. c3 Bg5 12. Nc2 Ne7 13. a4 bxa4 14. Rxa4 O-O
15. Bc4 a5 16. b3 Bd7 17. Ra2 a4 18. Nxe7+ Qxe7 19. Bd5 Rac8 20. bxa4 Rxc3 21.
O-O Kh8 22. Qe2 Rb8 23. Rd1 f5 24. a5 Bb5 25. Qe1 Rc5 26. Nb4 fxe4 27. a6 Qa7
28. Qxe4 Bc4 29. Bxc4 Rxb4 30. Qf5 Be7 31. Bf1 Rf4 32. Qe6 Rf6 33. Qb3 Rf8 34.
Rb1 d5 35. Qb7 Rc7 36. Qxa7 Rxa7 37. Ra5 Rd8 38. Rb7 Rxb7 39. axb7 Rb8 40. Ba6
Bd8 41. Rc5 1-0

[Event "Olomouc 2010 - IM1 Winsoft Company Cup"]
[Site "Olomouc (CZE), Hotel Sigma"]
[Date "2010.08.09"]
[Round "6"]
[White "Antipov, Mikhail Al"]
[Black "Sluka, Radek"]
[Result "1-0"]
[WhiteElo "2238"]
[BlackElo "2282"]
[PlyCount "59"]
[EventDate "2010.08.04"]

1. e4 d5 2. exd5 Nf6 3. d4 Nxd5 4. c4 Nb6 5. Nf3 g6 6. Be2 Bg7 7. O-O O-O 8.
Nc3 Nc6 9. d5 Ne5 10. c5 Nxf3+ 11. Bxf3 Nd7 12. Be3 Re8 13. Re1 Ne5 14. Be2 e6
15. f4 Nd7 16. dxe6 Rxe6 17. Bc4 Re8 18. Qd5 Rf8 19. Rad1 c6 20. Qd2 Qf6 21.
Ne4 Qxb2 22. Qd3 Bh8 23. Re2 Qg7 24. Nd6 Nf6 25. Bd4 Bg4 26. Re7 Bxd1 27. Qxd1
Rad8 28. Qb3 h6 29. Bxf7+ Kh7 30. Bxf6 1-0

[Event "Olomouc 2010 - IM1 Winsoft Company Cup"]
[Site "Olomouc (CZE), Hotel Sigma"]
[Date "2010.08.09"]
[Round "6"]
[White "Dukaczewski, Piotr"]
[Black "Mikhailov, Viacheslav"]
[Result "1/2-1/2"]
[WhiteElo "2319"]
[BlackElo "2139"]
[PlyCount "131"]
[EventDate "2010.08.04"]

1. e4 c5 2. Nf3 d6 3. d4 cxd4 4. Nxd4 Nf6 5. f3 Nc6 6. Nb3 e6 7. c4 Be7 8. Be3
d5 9. Nc3 dxe4 10. Qxd8+ Bxd8 11. Nxe4 Nxe4 12. fxe4 Nb4 13. Kd2 Bf6 14. a3 Nc6
15. Kc2 Bd7 16. Be2 Ne5 17. Nd2 Bc6 18. Rac1 a5 19. b3 O-O 20. Bb6 Nd7 21. Be3
Be7 22. Ra1 Bc5 23. Bxc5 Nxc5 24. Bf3 Rfd8 25. e5 Rd7 26. Bxc6 bxc6 27. Nf3 Rb8
28. b4 axb4 29. axb4 Nd3 30. Rhb1 g5 31. Kc3 g4 32. Nd4 Nxe5 33. Re1 Rbd8 34.
Re4 f5 35. Rxe5 Rxd4 36. b5 cxb5 37. cxb5 Kf7 38. b6 R4d6 39. Rb5 Rc8+ 40. Kb4
Rb8 41. b7 Rd7 42. Ra7 f4 43. Ka5 Kf6 44. Kb6 e5 45. Kc6 Rdd8 46. Kc7 Re8 47.
Ra6+ Kg7 48. Rd6 f3 49. Rd7+ Kg8 50. gxf3 gxf3 51. Rb1 e4 52. Rg1+ Kh8 53. Rf7
Rbd8 54. Re1 Rd4 55. Rb1 Kg8 56. Rf5 Rc4+ 57. Kd6 Rd4+ 58. Kc5 Rdd8 59. Rf4 Kg7
60. Rg1+ Kh8 61. Rf7 Rd2 62. h4 f2 63. Rgg7 f1=Q 64. Rxh7+ Kg8 65. Rhg7+ Kh8
66. Rh7+ 1/2-1/2

[Event "Olomouc 2010 - IM1 Winsoft Company Cup"]
[Site "Olomouc (CZE), Hotel Sigma"]
[Date "2010.08.09"]
[Round "6"]
[White "Luch, Michal"]
[Black "Aranaz Murillo, Amalia"]
[Result "1-0"]
[WhiteElo "2387"]
[BlackElo "2190"]
[PlyCount "91"]
[EventDate "2010.08.04"]

1. d4 d5 2. c4 c6 3. Nf3 Nf6 4. Qc2 Bg4 5. Ne5 e6 6. Nxg4 Nxg4 7. e3 Nf6 8. Nc3
Be7 9. Bd2 Nbd7 10. Bd3 O-O 11. O-O dxc4 12. Bxc4 c5 13. dxc5 Bxc5 14. Rfd1 Qe7
15. Be2 Rac8 16. Qb3 Ne5 17. Be1 Rfd8 18. h3 Bd6 19. Nb5 Bc5 20. Bc3 Nc6 21.
Bf3 a6 22. Rxd8+ Qxd8 23. Rd1 Qb6 24. Nd6 Qxb3 25. axb3 Bxd6 26. Rxd6 Rd8 27.
Rxd8+ Nxd8 28. Kf1 Kf8 29. Ke2 Ke7 30. Kd3 Nc6 31. Bxf6+ gxf6 32. Bxc6 bxc6 33.
Kc4 Kd6 34. Kb4 Kc7 35. Kc5 a5 36. g4 f5 37. g5 e5 38. f3 e4 39. fxe4 fxe4 40.
h4 Kd7 41. Kd4 Kd6 42. h5 Ke6 43. Kxe4 f6 44. g6 f5+ 45. Kf4 hxg6 46. hxg6 1-0

[Event "Olomouc 2010 - IM1 Winsoft Company Cup"]
[Site "Olomouc (CZE), Hotel Sigma"]
[Date "2010.08.09"]
[Round "6"]
[White "Stachowiak, Kamil"]
[Black "Aharon, Ofir"]
[Result "1-0"]
[WhiteElo "2404"]
[BlackElo "2199"]
[PlyCount "113"]
[EventDate "2010.08.04"]

1. c4 g6 2. g3 Bg7 3. Bg2 c5 4. Nc3 Nc6 5. Nf3 e6 6. O-O Nge7 7. d3 O-O 8. Bf4
d5 9. Qc1 Nf5 10. cxd5 exd5 11. Nb5 b6 12. Nc7 Nfd4 13. Re1 Nxf3+ 14. Bxf3 g5
15. Nxa8 gxf4 16. Qxf4 Be5 17. Qh6 Be6 18. Nxb6 axb6 19. Rab1 Nd4 20. Bg2 Qf6
21. Qxf6 Bxf6 22. e3 Nc2 23. Red1 Nb4 24. a3 Na6 25. Rd2 Rc8 26. Rc1 Rc7 27.
Bf1 d4 28. e4 Bb3 29. f4 Nb8 30. Be2 Nc6 31. Rf1 Bd8 32. Bg4 b5 33. Bd1 Na5 34.
e5 c4 35. dxc4 Bxd1 36. Rxd4 Be7 37. Rdxd1 Nxc4 38. b3 Bc5+ 39. Kh1 Nxa3 40.
Rc1 Kf8 41. Rfd1 Ke7 42. Rd5 Bb6 43. Rxc7+ Bxc7 44. Kg2 Ba5 45. Kf3 Bc3 46. Ke4
b4 47. f5 Nc2 48. f6+ Ke8 49. Rb5 Nd4 50. Rb8+ Kd7 51. Rb7+ Ke8 52. Kd5 Nf3 53.
h3 h5 54. h4 Kd8 55. Rxf7 Nxe5 56. Rf8+ Kd7 57. f7 1-0

[Event "Olomouc 2010 - IM1 Winsoft Company Cup"]
[Site "Olomouc (CZE), Hotel Sigma"]
[Date "2010.08.10"]
[Round "7"]
[White "Aranaz Murillo, Amalia"]
[Black "Kireev, Aleksei"]
[Result "1/2-1/2"]
[WhiteElo "2190"]
[BlackElo "2355"]
[PlyCount "87"]
[EventDate "2010.08.04"]

1. Nf3 g6 2. c4 Bg7 3. Nc3 d6 4. d4 c6 5. e4 e5 6. Be2 Nd7 7. O-O Qe7 8. Rb1 a5
9. a3 Nh6 10. b4 axb4 11. axb4 O-O 12. d5 c5 13. bxc5 Nxc5 14. Be3 Nd7 15. Nb5
Ng4 16. Bg5 f6 17. Bc1 Nc5 18. Nd2 Nh6 19. Ba3 b6 20. Bxc5 bxc5 21. Ra1 Bd7 22.
Ra4 Rfb8 23. Qb3 Nf7 24. Rfa1 Qd8 25. h3 Qc8 26. R1a3 Rxa4 27. Qxa4 Bf8 28. Qa6
Be7 29. Qxc8+ Bxc8 30. Nb3 Bd8 31. Bg4 Bxg4 32. hxg4 Rb7 33. Ra8 Kg7 34. Na5
Bxa5 35. Rxa5 Kh6 36. f3 Kg5 37. Kf2 h5 38. gxh5 Kxh5 39. Ra6 Rd7 40. Ra8 Kg5
41. g4 Kh6 42. Ke3 Kg5 43. Kf2 Kh6 44. Ke3 1/2-1/2

[Event "Olomouc 2010 - IM1 Winsoft Company Cup"]
[Site "Olomouc (CZE), Hotel Sigma"]
[Date "2010.08.10"]
[Round "7"]
[White "Kolosowski, Mateusz"]
[Black "Dukaczewski, Piotr"]
[Result "1-0"]
[WhiteElo "2308"]
[BlackElo "2319"]
[PlyCount "65"]
[EventDate "2010.08.04"]

1. d4 d5 2. c4 dxc4 3. e3 e6 4. Bxc4 Nf6 5. Nf3 c5 6. O-O a6 7. Bb3 Nc6 8. Qe2
Qc7 9. Nc3 b5 10. Rd1 Bb7 11. d5 exd5 12. e4 d4 13. e5 O-O-O 14. exf6 dxc3 15.
Bg5 h6 16. fxg7 Rxd1+ 17. Rxd1 Bxg7 18. Bh4 cxb2 19. Be6+ fxe6 20. Qxe6+ Kb8
21. Bg3 Ne5 22. Nxe5 Ka7 23. f3 Qd8 24. Qb3 Qg5 25. Qxb2 Qe3+ 26. Kh1 Bxe5 27.
Bxe5 Rg8 28. Bg3 h5 29. Qf6 Re8 30. h4 Rg8 31. Kh2 Qe2 32. Rd7 Qxa2 33. Qc6 1-0

[Event "Olomouc 2010 - IM1 Winsoft Company Cup"]
[Site "Olomouc (CZE), Hotel Sigma"]
[Date "2010.08.10"]
[Round "7"]
[White "Mikhailov, Viacheslav"]
[Black "Antipov, Mikhail Al"]
[Result "0-1"]
[WhiteElo "2139"]
[BlackElo "2238"]
[PlyCount "80"]
[EventDate "2010.08.04"]

1. e4 c5 2. Nc3 d6 3. Nge2 g6 4. g3 Bg7 5. Bg2 Nc6 6. O-O e6 7. d3 Nge7 8. Bg5
h6 9. Be3 O-O 10. Qd2 Kh7 11. d4 b6 12. Rfd1 Ba6 13. a4 e5 14. dxc5 dxc5 15.
Nd5 Nxd5 16. exd5 Nd4 17. Bxd4 exd4 18. Nf4 Qd6 19. c3 Rae8 20. a5 Bc4 21. axb6
axb6 22. cxd4 Bxd4 23. Qc2 Bb5 24. Ra7 Bd7 25. h4 Bf5 26. Qa4 Qe5 27. Qb3 g5
28. hxg5 hxg5 29. Nh3 Qf6 30. Rf1 Kg7 31. Qd1 Rh8 32. g4 Bc8 33. Qd2 Re5 34.
Qd1 Rh4 35. Qd3 Bxg4 36. Qg3 Be2 37. Re1 Rg4 38. Qb3 Bf3 39. Rxe5 Bxe5 40. d6
Bxg2 0-1

[Event "Olomouc 2010 - IM1 Winsoft Company Cup"]
[Site "Olomouc (CZE), Hotel Sigma"]
[Date "2010.08.10"]
[Round "7"]
[White "Sluka, Radek"]
[Black "Stachowiak, Kamil"]
[Result "1-0"]
[WhiteElo "2282"]
[BlackElo "2404"]
[PlyCount "121"]
[EventDate "2010.08.04"]

1. e4 c5 2. Nf3 e6 3. b3 a6 4. Bb2 Nc6 5. d4 cxd4 6. Nxd4 d6 7. Nxc6 bxc6 8. e5
d5 9. Bd3 Ne7 10. O-O Ng6 11. Qg4 Qh4 12. Qxh4 Nxh4 13. Nc3 c5 14. Na4 Bb7 15.
f3 g6 16. c4 d4 17. Bc1 Be7 18. Bd2 Bc6 19. Ba5 Bxa4 20. bxa4 Bd8 21. Be4 Rb8
22. Bc6+ Ke7 23. Bd2 h6 24. Rab1 Bc7 25. f4 Nf5 26. Kf2 f6 27. g4 Ng7 28. exf6+
Kxf6 29. Bb7 a5 30. Be4 Rxb1 31. Rxb1 Ne8 32. Kf3 Nd6 33. Bd3 g5 34. h4 gxf4
35. Bxf4 e5 36. Bxh6 Ke6 37. g5 e4+ 38. Bxe4 Nxc4 39. Ke2 Be5 40. Rb5 Rc8 41.
g6 Nd6 42. Rb6 c4 43. g7 d3+ 44. Ke3 c3 45. Kxd3 c2 46. Rc6 Bxg7 47. Rxc8 Nxc8
48. Be3 Nb6 49. Kxc2 Nxa4 50. Bc6 Nc3 51. a3 Bf8 52. Kxc3 Bxa3 53. Bb6 Be7 54.
h5 Bf6+ 55. Kd3 Kf7 56. Bxa5 Kg7 57. Ke4 Kh8 58. Kf5 Bb2 59. Kg6 Bd4 60. Bb4
Bb2 61. h6 1-0

[Event "Olomouc 2010 - IM1 Winsoft Company Cup"]
[Site "Olomouc (CZE), Hotel Sigma"]
[Date "2010.08.11"]
[Round "8"]
[White "Antipov, Mikhail Al"]
[Black "Kolosowski, Mateusz"]
[Result "0-1"]
[WhiteElo "2238"]
[BlackElo "2308"]
[PlyCount "78"]
[EventDate "2010.08.04"]

1. e4 e5 2. Nf3 Nc6 3. Bc4 Nf6 4. d3 Bc5 5. c3 d6 6. O-O a6 7. Bb3 Ba7 8. Nbd2
O-O 9. h3 Ne7 10. Re1 Ng6 11. Nf1 Re8 12. Ng3 h6 13. d4 Bd7 14. Bc2 Qc8 15. Be3
b5 16. Qd2 Kh7 17. Nf5 Ng8 18. g4 exd4 19. cxd4 Bc6 20. d5 Bxe3 21. Qxe3 Bd7
22. N3d4 Nf6 23. Qg3 Qb8 24. Rac1 Qb6 25. Kh2 Qa5 26. Bb1 Rac8 27. Nb3 Qb6 28.
f4 Kg8 29. Nd2 Bxf5 30. exf5 Ne7 31. g5 hxg5 32. fxg5 Nh5 33. Qf3 Nxd5 34. Ne4
Ndf4 35. Ng3 Qd4 36. Red1 Qxb2+ 37. Rc2 Qe5 38. Rg2 Nxg2 39. Qxh5 Nf4 0-1

[Event "Olomouc 2010 - IM1 Winsoft Company Cup"]
[Site "Olomouc (CZE), Hotel Sigma"]
[Date "2010.08.11"]
[Round "8"]
[White "Aranaz Murillo, Amalia"]
[Black "Aharon, Ofir"]
[Result "1/2-1/2"]
[WhiteElo "2190"]
[BlackElo "2199"]
[PlyCount "173"]
[EventDate "2010.08.04"]

1. Nf3 g6 2. c4 Bg7 3. Nc3 c5 4. d4 cxd4 5. Nxd4 Nc6 6. Nc2 Bxc3+ 7. bxc3 Qa5
8. Qd3 Nf6 9. g3 d5 10. cxd5 Bf5 11. Qc4 Ne5 12. Qd4 Rd8 13. Ne3 Nc6 14. Qc4
Ne5 15. Qb4 Qxb4 16. cxb4 Nxd5 17. Nxd5 Rxd5 18. Bg2 Rb5 19. Bb2 f6 20. Bc3 Rb6
21. a3 Nc6 22. O-O e5 23. Rfd1 Ke7 24. Bd2 Nd4 25. Be3 Rd8 26. Bxd4 exd4 27.
Rac1 Rd7 28. Rc8 Ra6 29. Rb8 Rxa3 30. Bxb7 Rb3 31. Bc6 Rc7 32. Ba4 Rb1 33. Re8+
Kf7 34. Rxb1 Bxb1 35. Rd8 Be4 36. Rxd4 Rc1+ 37. Rd1 Rxd1+ 38. Bxd1 Ke6 39. f3
Bc6 40. e3 Bb5 41. Bb3+ Ke5 42. Kf2 Bc6 43. Bc4 Ba4 44. Ke2 g5 45. Kd3 Bd1 46.
f4+ gxf4 47. gxf4+ Kd6 48. e4 Bh5 49. Kd4 Be8 50. e5+ fxe5+ 51. fxe5+ Ke7 52.
Kc5 h6 53. b5 Bd7 54. Be2 Be8 55. Bg4 Bg6 56. Bf3 Bd3 57. Bd5 Bf1 58. Bc4 Bg2
59. Kd4 Bh3 60. Ke4 Bd7 61. Kd5 Be8 62. e6 Bh5 63. Kc6 Be8+ 64. Kc5 Bh5 65. Kd5
Bd1 66. h3 Bc2 67. Kc6 Bg6 68. h4 Be8+ 69. Kd5 Bg6 70. Ke5 Bc2 71. Kf4 Ba4 72.
Kf5 Bc2+ 73. Ke5 Bd1 74. Kd5 Bh5 75. Kc5 Bd1 76. Kd4 Ba4 77. Ke5 Bc2 78. Bd5
Ba4 79. Bc4 Bc2 80. Be2 Bb3 81. Kf5 Bc2+ 82. Ke5 Bb3 83. Kf5 Bc2+ 84. Kg4 Kxe6
85. Kh5 Kf7 86. Kxh6 Kg8 87. Kg5 1/2-1/2

[Event "Olomouc 2010 - IM1 Winsoft Company Cup"]
[Site "Olomouc (CZE), Hotel Sigma"]
[Date "2010.08.11"]
[Round "8"]
[White "Kireev, Aleksei"]
[Black "Dukaczewski, Piotr"]
[Result "1/2-1/2"]
[WhiteElo "2355"]
[BlackElo "2319"]
[PlyCount "161"]
[EventDate "2010.08.04"]

1. d4 d5 2. Bg5 c6 3. c3 Qb6 4. Qb3 Bf5 5. Nd2 Nd7 6. Ngf3 h6 7. Bh4 e6 8. e3
Ngf6 9. Be2 Bd6 10. Bg3 Bxg3 11. hxg3 Qxb3 12. axb3 O-O 13. b4 Be4 14. Nb3 Bxf3
15. gxf3 a6 16. Nc5 Nxc5 17. bxc5 h5 18. f4 g6 19. f3 Kg7 20. Bd3 Nd7 21. Ke2
f5 22. Ra3 Nf6 23. Rb3 Rf7 24. Kf2 Rh8 25. Ra3 Rc7 26. Raa1 Kg8 27. c4 Rch7 28.
b4 dxc4 29. Bxc4 Kf7 30. Rh4 Rd8 31. Rah1 Rg7 32. Ke2 Rgg8 33. Kd3 Rd7 34. Re1
Rgd8 35. Kc3 Ke7 36. Rh2 Nd5+ 37. Kb3 Nf6 38. Kc3 Kf7 39. Rd2 Nd5+ 40. Kb3 Nf6
41. Rdd1 Ke7 42. Kc3 Nd5+ 43. Bxd5 exd5 44. Rd2 Kf7 45. Rh2 Kf6 46. g4 Rh8 47.
Reh1 Rdh7 48. Kd3 fxg4 49. fxg4 h4 50. e4 dxe4+ 51. Kxe4 g5 52. Kf3 Re8 53. d5
cxd5 54. Rd1 Rd7 55. Rhd2 Re4 56. fxg5+ Ke5 57. g6 Rf4+ 58. Ke3 Rxg4 59. Rd4
Rxg6 60. Rxh4 d4+ 61. Kd3 Rg3+ 62. Kc2 Rg2+ 63. Kb3 Rg3+ 64. Kc2 Re3 65. Kb2
Rf3 66. Kc2 d3+ 67. Kb2 Re3 68. Kc3 d2+ 69. Kc2 Re4 70. Rh5+ Kf4 71. Rxd2 Rc4+
72. Kb3 Rxb4+ 73. Kxb4 Rxd2 74. Rh7 Rb2+ 75. Kc4 Ke5 76. Re7+ Kf6 77. Re1 Rc2+
78. Kb4 Rb2+ 79. Kc4 Rd2 80. Rb1 Rd7 81. Rb6+ 1/2-1/2

[Event "Olomouc 2010 - IM1 Winsoft Company Cup"]
[Site "Olomouc (CZE), Hotel Sigma"]
[Date "2010.08.11"]
[Round "8"]
[White "Luch, Michal"]
[Black "Sluka, Radek"]
[Result "1-0"]
[WhiteElo "2387"]
[BlackElo "2282"]
[PlyCount "93"]
[EventDate "2010.08.04"]

1. e4 c5 2. Nf3 Nc6 3. Bb5 e6 4. O-O Nge7 5. Re1 a6 6. Bf1 Ng6 7. c3 Bd6 8. d4
O-O 9. d5 Nce5 10. Nbd2 Qc7 11. Nxe5 Bxe5 12. g3 exd5 13. f4 Bf6 14. exd5 d6
15. h4 Bd7 16. h5 Nh8 17. Ne4 Bd8 18. c4 h6 19. Nc3 Bf6 20. Qf3 Rae8 21. Bd2
Bd4+ 22. Kh2 Qc8 23. Be2 Bf5 24. g4 Rxe2+ 25. Qxe2 Bxg4 26. Qd3 Qd8 27. Qg3
Bxh5 28. f5 Be5 29. Rxe5 dxe5 30. Rg1 Bg6 31. Ne4 Qc8 32. fxg6 Nxg6 33. Nd6 Qd7
34. Ne4 b6 35. Qg4 Qa4 36. Bc3 h5 37. Qxh5 Qc2+ 38. Nd2 b5 39. Qg5 b4 40. Bxe5
Re8 41. d6 Qd3 42. Bg3 Re6 43. Qd5 Re2+ 44. Rg2 Rxg2+ 45. Kxg2 Qe2+ 46. Kg1 Qg4
47. Kf2 1-0

[Event "Olomouc 2010 - IM1 Winsoft Company Cup"]
[Site "Olomouc (CZE), Hotel Sigma"]
[Date "2010.08.11"]
[Round "8"]
[White "Stachowiak, Kamil"]
[Black "Mikhailov, Viacheslav"]
[Result "1/2-1/2"]
[WhiteElo "2404"]
[BlackElo "2139"]
[PlyCount "74"]
[EventDate "2010.08.04"]

1. d4 Nf6 2. Nf3 e6 3. c4 b6 4. g3 Bb7 5. Bg2 Bb4+ 6. Bd2 Be7 7. O-O O-O 8. Nc3
Ne4 9. d5 Nxd2 10. Qxd2 Na6 11. Nd4 c6 12. Rfd1 Rc8 13. Qe3 Bc5 14. Qe4 cxd5
15. cxd5 Qf6 16. Qg4 h5 17. Qf4 Qxf4 18. gxf4 Nb4 19. Nb3 Ba6 20. Bf3 h4 21.
dxe6 dxe6 22. Rd7 Rfd8 23. Rad1 Rxd7 24. Rxd7 Bc4 25. Nxc5 Rxc5 26. Rxa7 h3 27.
Ne4 Rc8 28. Ng5 Bd5 29. Nxh3 Bxf3 30. exf3 f6 31. Ra4 Nd5 32. Kg2 Rc2 33. b3
Ne3+ 34. Kg3 Nf5+ 35. Kg2 Ne3+ 36. Kg3 Nf5+ 37. Kg2 Ne3+ 1/2-1/2

[Event "Olomouc 2010 - IM1 Winsoft Company Cup"]
[Site "Olomouc (CZE), Hotel Sigma"]
[Date "2010.08.12"]
[Round "9"]
[White "Aharon, Ofir"]
[Black "Kireev, Aleksei"]
[Result "0-1"]
[WhiteElo "2199"]
[BlackElo "2355"]
[PlyCount "90"]
[EventDate "2010.08.04"]

1. e4 d6 2. d4 g6 3. Nc3 c6 4. Be3 e5 5. Qd2 Bg7 6. O-O-O Nd7 7. f3 Qe7 8. h4
h5 9. Kb1 Bh6 10. Bxh6 Nxh6 11. Nge2 a6 12. g4 hxg4 13. f4 Ng8 14. Qe1 Ngf6 15.
Qf2 b5 16. fxe5 dxe5 17. d5 c5 18. d6 Qe6 19. Ng3 Bb7 20. b3 Kf8 21. Bg2 Rc8
22. Rhf1 Rh7 23. Nf5 Rc6 24. Ne3 Rxd6 25. Rxd6 Qxd6 26. Rd1 Qc7 27. Qg3 Kg7 28.
Nxg4 Nxg4 29. Qxg4 Nf6 30. Qg3 Nh5 31. Qg4 Bc6 32. Rd2 Nf4 33. Bf1 b4 34. Nd1
Qe7 35. Ne3 Bxe4 36. Rd7 Qf6 37. Bc4 Kg8 38. Ra7 Bf5 39. Qd1 Qxh4 40. Qd6 Qe1+
41. Nd1 Ne6 42. Qd7 Ng5 43. Qd6 Rh1 44. Ra8+ Kh7 45. Rd8 Ne4 0-1